000 00839naa a2200265 c 4500
001 34414
003 ES-MaCES
005 20150929135545.0
008 041119n2004 sp t 000 | spa d
035 _aCES20040006950v
040 _aES-MaCES
_bspa
_cES-MaCES
245 0 1 _a[Francia y España, encuentro en la UE]
500 _aTít. tomado de la cub.
650 4 _aEspaña
_926964
650 4 _aFrancia
_926943
650 4 _arelaciones económicas
_926673
650 4 _apolítica
_927246
650 4 _acooperación económica
_929790
653 1 0 _aCooperación al desarrollo
650 4 _926752
_aUE
773 0 _tEconomía exterior
_gn. 29 (verano 2004){10625 R. 057398}; 186 p.
_w(ES-MaCES)25630
_966465
902 _aMON Monográfico de revista
942 _2CES
_cAR
_h1.2.
999 _c34414
_d34414